000
00316nam a22001457a 4500
008
230616b ||||| |||| 00| 0 eng d
020
_a
9780534132125
041
_a
eng
080
_2
SECOND EDITION
_a
51
082
_a
51STE
100
_a
23
101
_a
MATEM
245
_a
CALCULUS
_c
STEWART.J
942
_2
udc
_c
BK
999
_c
59999
_d
59999